=LDR 00000nam 2200000 4500 =001 NUTBA000000000001360 =005 20140423141256.0 =006 =007 =008 =035 ##$$a 0010-041400000000630 =082 ##$$a 028.5 =090 ##$$a 028.5 $b kee a =100 ##$$a keen achroni $t anak kreatif seri transportasi =245 ##$$a anak kreatif seri transportasi =260 ##$$a Jakarta $b pt buku kita $c 2011 =300 ##$$a 24 hlm $b illus $c 27 cm =850 ##$$a NBPBMAT =990 ##$$a 21194925/BPAP-NTB/2014 =990 ##$$a 21194926/BPAP-NTB/2014